Normal view
MARC view
- Summers H & Watson A
Entry Personal Name
001 - CONTROL NUMBER
- control field: 188771
003 - CONTROL NUMBER IDENTIFIER
- control field: OSt
005 - DATE AND TIME OF LATEST TRANSACTION
- control field: 20230714211645.0
008 - FIXED-LENGTH DATA ELEMENTS
- fixed length control field: 230714|| aca||aabn | a|a d
040 ## - CATALOGING SOURCE
- Original cataloging agency: OSt
- Transcribing agency: OSt
100 ## - HEADING--PERSONAL NAME
- Personal name: Summers H & Watson A
670 ## - SOURCE DATA FOUND
- Source citation: Work cat.: (OSt)186456: Summers H 127199, Book Of Luck, 2005